[Event "3. Laufenburger Open Gruppe A"]
[Site "?"]
[Date "2015.10.09"]
[Round "1.1"]
[White "Döserich, Jürgen"]
[Black "Spirin, Oleg"]
[Result "0-1"]
[WhiteElo "2464"]
[BlackElo "2030"]
[PlyCount "76"]

{518MB, Rybka3Gen.ctg} 1. d4 Nf6 2. c4 g6 3. Nc3 Bg7 4. e4 d6 5. Nf3 O-O 6. h3
Qe8 7. Be3 Na6 8. Be2 e5 9. d5 Nh5 10. g3 Kh8 11. Nd2 Nf6 12. a3 Ng8 13. g4 Ne7
14. Qc2 f5 15. exf5 gxf5 16. f3 Ng6 17. O-O-O Nf4 18. Bf1 Qe7 19. Bf2 c6 20.
Nb3 cxd5 21. cxd5 b6 22. Kb1 Bb7 23. Be3 Nc5 24. Nxc5 bxc5 25. Bc4 Bc8 26. Rdg1
Rb8 27. g5 Nh5 28. h4 Bd7 29. Ka2 Be8 30. b3 Bg6 31. Qc1 Kg8 32. Bxc5 Rfc8 33.
Bb4 a5 34. Bxa5 Qa7 35. Bd8 Rxd8 36. a4 Rdc8 37. Qd1 e4 38. Nb5 Qf2+ 0-1

[Event "3. Laufenburger Open Gruppe A"]
[Site "?"]
[Date "2015.10.09"]
[Round "1.2"]
[White "Coenen, Michael"]
[Black "Fischer, Thomas"]
[Result "1-0"]
[WhiteElo "2435"]
[BlackElo "1970"]
[PlyCount "81"]

{518MB, Rybka3Gen.ctg} 1. e4 c5 2. Nc3 Nc6 3. Nf3 e5 4. Bc4 Be7 5. d3 Nf6 6.
Nd5 O-O 7. Be3 d6 8. Nxf6+ Bxf6 9. h3 Be6 10. Bxe6 fxe6 11. c3 Qe7 12. h4 d5
13. Qe2 b5 14. g4 Qd6 15. g5 Bd8 16. O-O-O Ba5 17. Kb1 d4 18. cxd4 Nxd4 19.
Bxd4 exd4 20. Rh3 Rf4 21. Nh2 Raf8 22. f3 e5 23. Ng4 Qe6 24. Rc1 Rc8 25. Qd1 c4
26. h5 Rf7 27. g6 Rfc7 28. h6 cxd3 29. Rxc7 Rxc7 30. gxh7+ Kxh7 31. hxg7+ Kxg7
32. Qxd3 Rc4 33. a3 Qe7 34. Rh5 Rc5 35. Qd1 Qe6 36. Rg5+ Kf8 37. Qh1 Bd2 38.
Qh8+ Ke7 39. Rg7+ Kd6 40. Qd8+ Kc6 41. Qc7# 1-0

[Event "3. Laufenburger Open Gruppe A"]
[Site "?"]
[Date "2015.10.09"]
[Round "1.5"]
[White "Eichler, Robert"]
[Black "Bruttel, Philipp"]
[Result "0-1"]
[WhiteElo "2047"]
[BlackElo "1853"]
[PlyCount "74"]

{518MB, Rybka3Gen.ctg} 1. e4 e5 2. Bc4 Nf6 3. d3 Bc5 4. Nf3 Nc6 5. Nc3 d6 6.
Bg5 h6 7. Be3 Bb6 8. Qd2 Qe7 9. O-O-O Bd7 10. a3 O-O-O 11. Rhe1 Bg4 12. Bxb6
axb6 13. h3 Bxf3 14. gxf3 Nd4 15. Qe3 Nh5 16. Rg1 c6 17. f4 f6 18. Rg4 g5 19.
f5 Nf4 20. Re1 Kc7 21. Nd1 b5 22. Ba2 c5 23. c3 Nc6 24. Qf3 Ra8 25. Kb1 b4 26.
axb4 cxb4 27. Ne3 bxc3 28. bxc3 Rxa2 29. Rxf4 Rha8 30. Nd5+ Kd8 31. Rc1 Qf7 32.
Rg4 b6 33. Qe3 R8a6 34. c4 Qa7 35. Nc3 Nd4 36. Nxa2 Rxa2 37. Qxd4 exd4 0-1

[Event "3. Laufenburger Open Gruppe A"]
[Site "?"]
[Date "2015.10.09"]
[Round "1.3"]
[White "Stockert, Laurids"]
[Black "Haag, Gregor"]
[Result "0-1"]
[WhiteElo "1964"]
[BlackElo "2226"]
[PlyCount "34"]

{518MB, Rybka3Gen.ctg} 1. Nc3 g6 2. e4 Bg7 3. d4 d6 4. f4 Nd7 5. Nf3 e6 6. Be3
Ne7 7. Qd2 O-O 8. O-O-O b5 9. Bxb5 Bb7 10. h4 Rb8 11. Bd3 c5 12. h5 Qa5 13.
hxg6 hxg6 14. Kb1 Nc6 15. Ne2 Qb6 16. c3 Na5 17. c4 Bxe4 0-1

[Event "3. Laufenburger Open Gruppe A"]
[Site "?"]
[Date "2015.10.09"]
[Round "1.5"]
[White "Reinke, Martin"]
[Black "Kais, Edgar"]
[Result "0-1"]
[WhiteElo "1863"]
[BlackElo "2052"]
[PlyCount "104"]

{518MB, Rybka3Gen.ctg} 1. d4 d6 2. Nf3 Bg4 3. e4 Nf6 4. Bd3 e6 5. h3 Bh5 6. c3
Be7 7. Bf4 d5 8. Nbd2 c6 9. e5 Nfd7 10. Qc2 Bg6 11. O-O c5 12. b3 Nc6 13. Rfc1
cxd4 14. Bxg6 hxg6 15. Nxd4 Nxd4 16. cxd4 Ba3 17. Rcb1 Rc8 18. Qd3 Qa5 19. b4
Bxb4 20. Rb3 O-O 21. Nf3 Rc4 22. h4 Rfc8 23. h5 gxh5 24. Ng5 Nf8 25. Qf3 Rc3
26. Rxc3 Rxc3 27. Be3 Qc7 28. Qxh5 Rc2 29. a3 Bd2 30. Rd1 Bxe3 31. fxe3 Rc1 32.
Rxc1 Qxc1+ 33. Kh2 Qf1 34. Qh4 b5 35. e4 dxe4 36. Nxe4 a5 37. Qg5 Ng6 38. Qd8+
Kh7 39. Ng5+ Kh6 40. Nh3 a4 41. d5 exd5 42. Qxd5 Qf5 43. Qd2+ Kh7 44. Ng5+ Kg8
45. Qd8+ Nf8 46. Nf3 Qf4+ 47. Kh3 b4 48. axb4 Qxb4 49. Qe8 Qb3 50. Kh2 Qc4 51.
Qa8 Qf4+ 52. g3 Qe3 0-1

[Event "3. Laufenburger Open Gruppe A"]
[Site "?"]
[Date "2015.10.09"]
[Round "1.4"]
[White "Engesser, Jonas"]
[Black "Weidt, Frank"]
[Result "1-0"]
[WhiteElo "2066"]
[BlackElo "1927"]
[PlyCount "99"]

{518MB, Rybka3Gen.ctg} 1. e4 d5 2. exd5 Qxd5 3. Nc3 Qa5 4. d4 Nf6 5. Bc4 Bg4 6.
f3 Bh5 7. Bd2 c6 8. Qe2 e6 9. g4 Bg6 10. O-O-O Bb4 11. h4 h5 12. Kb1 Nbd7 13.
g5 Nd5 14. Nxd5 Bxd2 15. Qxd2 Qxd2 16. Nc7+ Kd8 17. Nxe6+ fxe6 18. Rxd2 Rf8 19.
Bxe6 Kc7 20. Re2 Rf4 21. Rhh2 Rxd4 22. Rd2 Rxd2 23. Rxd2 Nc5 24. Bh3 Rf8 25. b4
Na4 26. Rd7+ Kb6 27. Kc1 Rf7 28. Kd2 Nb2 29. Ke3 Nc4+ 30. Kd4 Nd2 31. Rxf7 Bxf7
32. a3 Nc4 33. a4 a5 34. c3 Nb2 35. bxa5+ Kxa5 36. Bc8 b6 37. Bd7 c5+ 38. Ke5
Nxa4 39. Ne2 b5 40. Kd6 Kb6 41. f4 Bc4 42. f5 Bd3 43. Nf4 c4 44. f6 gxf6 45.
gxf6 Nxc3 46. f7 Ne4+ 47. Ke7 b4 48. f8=Q b3 49. Qb8+ Kc5 50. Nxd3+ 1-0

[Event "3. Laufenburger Open Gruppe A"]
[Site "?"]
[Date "2015.10.10"]
[Round "2.7"]
[White "Urwyler, Nikash"]
[Black "Stockert, Laurids"]
[Result "1-0"]
[WhiteElo "1927"]
[BlackElo "1964"]
[PlyCount "57"]

{518MB, Rybka3Gen.ctg} 1. e4 e5 2. Nf3 Nc6 3. Bb5 Bc5 4. c3 Nf6 5. O-O O-O 6.
d4 Bb6 7. Bg5 h6 8. Bh4 d6 9. Bxc6 bxc6 10. dxe5 dxe5 11. Qxd8 Rxd8 12. Nxe5
Ba6 13. Bxf6 gxf6 14. Nxc6 Rd6 15. Ne7+ Kf8 16. Nf5 Bxf1 17. Nxd6 Rd8 18. Kxf1
Rxd6 19. Ke2 Re6 20. Nd2 f5 21. f3 fxe4 22. fxe4 Rg6 23. g3 h5 24. Nc4 h4 25.
Nxb6 axb6 26. Rg1 Re6 27. Kd3 Rf6 28. Ke3 h3 29. g4 1-0

[Event "3. Laufenburger Open Gruppe A"]
[Site "?"]
[Date "2015.10.10"]
[Round "2.6"]
[White "Fischer, Thomas"]
[Black "Reinke, Martin"]
[Result "1/2-1/2"]
[WhiteElo "1970"]
[BlackElo "1863"]
[PlyCount "80"]

{518MB, Rybka3Gen.ctg} 1. f4 d5 2. Nf3 Nf6 3. g3 c6 4. Bg2 Bf5 5. c3 Qb6 6. d4
Nbd7 7. O-O e6 8. Nbd2 c5 9. Qb3 Rc8 10. Qxb6 Nxb6 11. e3 Be7 12. h3 Ne4 13.
Kh2 h6 14. Ne5 f6 15. Bxe4 Bxe4 16. Ng4 Kf7 17. Nxe4 dxe4 18. f5 h5 19. fxe6+
Kxe6 20. Nf2 f5 21. h4 c4 22. Nh3 Nd5 23. Bd2 g6 24. Rfc1 Rc7 25. b3 Rb8 26. b4
a6 27. a4 b5 28. Kg2 Bf6 29. Rc2 Be7 30. Kf2 Bf6 31. Ke2 Rg8 32. Nf4+ Nxf4+ 33.
exf4 Kd5 34. Bc1 Rgc8 35. Ba3 Be7 36. Rca2 Ra8 37. Ke3 Rca7 38. Rh2 Bd6 39. Bb2
Re8 40. Rf1 Rf7 1/2-1/2

[Event "3. Laufenburger Open Gruppe A"]
[Site "?"]
[Date "2015.10.10"]
[Round "2.1"]
[White "Spirin, Oleg"]
[Black "Engesser, Jonas"]
[Result "1-0"]
[WhiteElo "2464"]
[BlackElo "2066"]
[PlyCount "55"]

{518MB, Rybka3Gen.ctg} 1. Nf3 c5 2. c4 Nc6 3. g3 g6 4. d4 cxd4 5. Nxd4 Bg7 6.
Nc2 Nf6 7. Bg2 O-O 8. Nc3 d6 9. O-O Be6 10. b3 d5 11. cxd5 Nxd5 12. Nxd5 Bxa1
13. Nxa1 Qa5 14. a4 Bxd5 15. Qxd5 Qxd5 16. Bxd5 Rfd8 17. Bxc6 bxc6 18. Be3 a5
19. Rc1 Rd5 20. Kf1 c5 21. Ke1 Rc8 22. f3 f5 23. Bf2 Kf7 24. Nc2 Rb8 25. Ne3
Rdd8 26. Rc3 Rb4 27. Nc4 Rdb8 28. Nxa5 1-0

[Event "3. Laufenburger Open Gruppe A"]
[Site "?"]
[Date "2015.10.10"]
[Round "2.3"]
[White "Haag, Gregor"]
[Black "Baumann, Gerhard"]
[Result "1-0"]
[WhiteElo "2226"]
[BlackElo "1804"]
[PlyCount "85"]

{518MB, Rybka3Gen.ctg} 1. Nf3 Nf6 2. d4 g6 3. c4 Bg7 4. Nc3 O-O 5. e4 d6 6. Be2
e5 7. dxe5 dxe5 8. Qxd8 Rxd8 9. Bg5 Re8 10. Nd5 Nxd5 11. cxd5 c6 12. Bc4 cxd5
13. Bxd5 Nd7 14. Nd2 Nb6 15. Bb3 Be6 16. Be3 Bxb3 17. axb3 Re6 18. Ke2 a6 19.
Rhc1 Rc8 20. Rxc8+ Nxc8 21. Rc1 Ne7 22. Rc7 b5 23. Nb1 h6 24. Nc3 Bf8 25. Ra7
Nc6 26. Ra8 Kg7 27. Nd5 Na5 28. b4 Nc4 29. Bc1 Rc6 30. Kd1 h5 31. f3 f5 32.
Ra7+ Kh8 33. Ra8 Kg7 34. Ra7+ Kh8 35. b3 Nd6 36. Bb2 Bg7 37. Ne7 Rb6 38. Nxg6+
Kg8 39. Ne7+ Kf8 40. Ng6+ Kg8 41. Ne7+ Kf8 42. exf5 Bf6 43. Nd5 1-0

[Event "3. Laufenburger Open Gruppe A"]
[Site "?"]
[Date "2015.10.10"]
[Round "2.2"]
[White "Kais, Edgar"]
[Black "Coenen, Michael"]
[Result "0-1"]
[WhiteElo "2052"]
[BlackElo "2435"]
[PlyCount "78"]

{518MB, Rybka3Gen.ctg} 1. e4 c5 2. d3 g6 3. f4 Bg7 4. Nf3 d5 5. Be2 dxe4 6.
dxe4 Qxd1+ 7. Bxd1 Nf6 8. Nc3 Na6 9. e5 Nd7 10. Ne4 b6 11. c3 Bb7 12. Bc2 Nc7
13. O-O O-O 14. Bd2 Rfd8 15. Rad1 Nf8 16. Bc1 Nfe6 17. Kf2 Bd5 18. b3 Bc6 19.
g3 f6 20. exf6 exf6 21. f5 gxf5 22. Nd6 f4 23. gxf4 Nd5 24. Nf5 Bf8 25. Rg1+
Kf7 26. Rg4 Nxc3 27. Re1 Nxa2 28. Rh4 Nxc1 29. Rxh7+ Kg8 30. Rg1+ Bg7 31. Nxg7
Nd3+ 32. Bxd3 Rxd3 33. Nxe6+ Kxh7 34. Rg7+ Kh8 35. Nh4 Be8 36. Re7 Rh3 37. Nc7
Rd8 38. Nf5 Bh5 39. Ne6 Re8 0-1

[Event "3. Laufenburger Open Gruppe A"]
[Site "?"]
[Date "2015.10.10"]
[Round "2.4"]
[White "Bruttel, Philipp"]
[Black "Döserich, Jürgen"]
[Result "1/2-1/2"]
[WhiteElo "1853"]
[BlackElo "2030"]
[PlyCount "138"]

{518MB, Rybka3Gen.ctg} 1. e4 c5 2. Nf3 Nc6 3. d4 cxd4 4. Nxd4 Nf6 5. Nc3 d6 6.
Bc4 e6 7. Be3 a6 8. f3 Bd7 9. Qd2 b5 10. Bb3 Na5 11. O-O Be7 12. Kh1 O-O 13.
Nde2 Qc7 14. Rfd1 b4 15. Na4 Bxa4 16. Bxa4 Nc4 17. Qc1 Nxe3 18. Qxe3 Rfd8 19.
Nd4 Qc5 20. Rd3 Rdc8 21. Rad1 g6 22. Ne2 Qa5 23. Bb3 Nd7 24. R3d2 Nc5 25. f4
Nxb3 26. axb3 Rc7 27. c4 bxc3 28. bxc3 Rb8 29. b4 Qb5 30. Ra2 Qc4 31. Rda1 Ra8
32. h3 Rc6 33. Ra3 Bf8 34. Nd4 Rcc8 35. b5 e5 36. Nf3 Qxb5 37. fxe5 dxe5 38.
Ra5 Qb2 39. Nxe5 Bg7 40. Qf4 Bxe5 41. Qxe5 Qxc3 42. Qxc3 Rxc3 43. Rxa6 Rxa6 44.
Rxa6 Re3 45. Ra4 h5 46. Kg1 Kg7 47. Kf2 Rb3 48. Ra6 h4 49. Rc6 Rg3 50. Rb6 f6
51. Rb7+ Kh6 52. Rb6 Kg5 53. Rb5+ Kf4 54. Rb6 Ke5 55. Rb5+ Kf4 56. Rb6 f5 57.
exf5 Kxf5 58. Rb5+ Kf6 59. Rb6+ Kg5 60. Rb5+ Kh6 61. Rb4 Kh5 62. Rb8 Rc3 63.
Rb5+ g5 64. Rb6 Rc2+ 65. Kf3 Rc3+ 66. Kf2 Rc4 67. Kf3 Rf4+ 68. Ke3 Rf1 69. Ra6
Rg1 1/2-1/2

[Event "3. Laufenburger Open Gruppe A"]
[Site "?"]
[Date "2015.10.10"]
[Round "2.5"]
[White "Weidt, Frank"]
[Black "Eichler, Robert"]
[Result "1-0"]
[WhiteElo "1927"]
[BlackElo "2047"]
[PlyCount "139"]

{518MB, Rybka3Gen.ctg} 1. d4 Nf6 2. Nc3 e6 3. e4 c5 4. d5 d6 5. Bb5+ Bd7 6.
dxe6 fxe6 7. Bc4 Nc6 8. Nf3 Na5 9. Bd3 Be7 10. e5 dxe5 11. Nxe5 O-O 12. Bg5 Be8
13. Qe2 Nd5 14. Qe4 g6 15. Bh6 Nxc3 16. bxc3 Rf5 17. g4 Rf6 18. h4 Nc6 19. Bg5
Nxe5 20. Qxe5 Rf7 21. Bc4 Bxg5 22. hxg5 Re7 23. Rd1 Qc7 24. Qf6 Rd8 25. Rxd8
Qxd8 26. Ke2 Bf7 27. Rd1 Qe8 28. Rd6 e5 29. Bxf7+ Qxf7 30. Rd8+ Re8 31. Ke3
Rxd8 32. Qxd8+ Kg7 33. Ke2 Qc4+ 34. Qd3 Qxg4+ 35. Qf3 Qxf3+ 36. Kxf3 Kf7 37. c4
Ke6 38. Ke4 Kd6 39. Kd3 a6 40. a4 Kc6 41. Ke4 Kd6 42. Kd3 Kd7 43. Ke3 Ke7 44.
Kd3 Kf7 45. Ke3 Ke6 46. Ke4 b6 47. f3 Kd6 48. Kd3 Ke7 49. Ke3 Kf7 50. Kd3 Kg7
51. Ke4 h5 52. gxh6+ Kxh6 53. Kxe5 Kg5 54. f4+ Kg4 55. Ke4 Kg3 56. Ke3 Kh4 57.
Kf3 Kh3 58. f5 gxf5 59. Kf4 Kg2 60. Kxf5 Kf3 61. Ke5 Ke3 62. Kd5 a5 63. Kc6 Kd4
64. Kxb6 Kxc4 65. Kxa5 Kd4 66. Kb5 c4 67. a5 c3 68. a6 Ke3 69. Kc4 Kd2 70. Kb3
1-0

[Event "3. Laufenburger Open Gruppe A"]
[Site "?"]
[Date "2015.10.10"]
[Round "3.3"]
[White "Engesser, Jonas"]
[Black "Urwyler, Nikash"]
[Result "1-0"]
[WhiteElo "2066"]
[BlackElo "1905"]
[PlyCount "59"]

{518MB, Rybka3Gen.ctg} 1. e4 e5 2. Nf3 Nc6 3. Bb5 a6 4. Ba4 Nf6 5. Qe2 b5 6.
Bb3 Be7 7. c3 d6 8. O-O O-O 9. Rd1 Na5 10. Bc2 c5 11. d4 Qc7 12. d5 Nd7 13. b3
Nb6 14. Nbd2 g6 15. Nf1 f5 16. exf5 gxf5 17. Ng5 Rf6 18. Qh5 Bf8 19. Rd3 Qg7
20. Rg3 Rg6 21. Ne6 Bxe6 22. dxe6 Rxg3 23. Nxg3 f4 24. Nf5 Qf6 25. g3 Qxe6 26.
gxf4 exf4 27. Bxf4 Nd5 28. Bd2 Qg6+ 29. Qxg6+ hxg6 30. Be4 1-0

[Event "3. Laufenburger Open Gruppe A"]
[Site "?"]
[Date "2015.10.10"]
[Round "3.5"]
[White "Reinke, Martin"]
[Black "Weidt, Frank"]
[Result "0-1"]
[WhiteElo "1863"]
[BlackElo "1927"]
[PlyCount "64"]

{518MB, Rybka3Gen.ctg} 1. d4 c5 2. dxc5 e5 3. e3 Bxc5 4. Nc3 Nf6 5. Bc4 O-O 6.
a3 a6 7. b4 Ba7 8. Qd6 Nc6 9. Bb2 b5 10. Ba2 Bb7 11. Nf3 Rc8 12. Nxe5 Nxe5 13.
Qxe5 Re8 14. Qg5 Bd4 15. Nd1 Bxb2 16. Nxb2 Rxc2 17. Nd3 h6 18. Qg3 Be4 19. Ne5
Rxa2 20. Rxa2 Qc7 21. O-O Rxe5 22. Rd2 Bxg2 23. Rfd1 Bc6 24. f4 Re6 25. Rd4 Ne4
26. Qe1 Qd8 27. Rc1 Qf6 28. Kf1 Qg6 29. Qe2 Qf5 30. Qd3 Qh3+ 31. Ke1 Qh4+ 32.
Kf1 Qf2# 0-1

[Event "3. Laufenburger Open Gruppe A"]
[Site "?"]
[Date "2015.10.10"]
[Round "3.4"]
[White "Baumann, Gerhard"]
[Black "Kais, Edgar"]
[Result "1-0"]
[WhiteElo "1804"]
[BlackElo "2052"]
[PlyCount "97"]

{518MB, Rybka3Gen.ctg} 1. d4 d6 2. c4 e5 3. d5 f5 4. g3 Nf6 5. Bg2 Be7 6. Nc3
O-O 7. e3 Kh8 8. Nge2 Qe8 9. b3 Na6 10. Bb2 Nc5 11. b4 Nce4 12. h3 Qh5 13. Nc1
Qg6 14. Qc2 Bd7 15. Nxe4 Nxe4 16. Nd3 c6 17. dxc6 bxc6 18. Rd1 Rae8 19. O-O h5
20. Nxe5 dxe5 21. Rxd7 h4 22. Bxe4 fxe4 23. g4 Rf3 24. Kg2 Ref8 25. Rg1 Rxf2+
26. Qxf2 Rxf2+ 27. Kxf2 Qf7+ 28. Kg2 Qf3+ 29. Kh2 Bf8 30. Bxe5 Qf2+ 31. Rg2
Qxe3 32. Rd8 Kh7 33. Rxf8 Qg5 34. Bd6 Qg6 35. c5 e3 36. Rf5 Qe6 37. Re5 Qc4 38.
Rxe3 Qxb4 39. g5 Kg6 40. Re6+ Kf5 41. Re7 Kg6 42. Rxa7 Kh5 43. a4 Qc3 44. a5
Qc4 45. a6 Qg8 46. Rb7 g6 47. a7 Qg7 48. Rgb2 Qe7 49. Rxe7 1-0

[Event "3. Laufenburger Open Gruppe A"]
[Site "?"]
[Date "2015.10.10"]
[Round "3.2"]
[White "Bruttel, Philipp"]
[Black "Haag, Gregor"]
[Result "0-1"]
[WhiteElo "1853"]
[BlackElo "2226"]
[PlyCount "64"]

{518MB, Rybka3Gen.ctg} 1. e4 e5 2. Bc4 Nf6 3. d4 exd4 4. Nf3 Nc6 5. O-O Nxe4 6.
Re1 d5 7. Bxd5 Qxd5 8. Nc3 Qh5 9. Nxe4 Be6 10. Nxd4 Qxd1 11. Rxd1 O-O-O 12. Be3
Nxd4 13. Bxd4 Bd5 14. Nc3 Bc6 15. a4 a6 16. Ne2 f6 17. c3 Bd6 18. Ng3 Rhe8 19.
a5 Rd7 20. Re1 Rxe1+ 21. Rxe1 Re7 22. Rxe7 Bxe7 23. Nf5 Bf8 24. Ne3 Kd7 25. b4
Be4 26. Nc4 Bd5 27. Ne3 Be6 28. Ba7 Kc6 29. Nc2 Kd5 30. Ne3+ Ke4 31. Bd4 Kd3
32. Kf1 Bxb4 0-1

[Event "3. Laufenburger Open Gruppe A"]
[Site "?"]
[Date "2015.10.10"]
[Round "3.7"]
[White "Eichler, Robert"]
[Black "Stockert, Laurids"]
[Result "1-0"]
[WhiteElo "2047"]
[BlackElo "1964"]
[PlyCount "131"]

{518MB, Rybka3Gen.ctg} 1. e4 e5 2. Bc4 Nf6 3. d4 exd4 4. Nf3 Nc6 5. O-O Nxe4 6.
Re1 d5 7. Bxd5 Qxd5 8. Nc3 Qh5 9. Nxe4 Be6 10. Neg5 O-O-O 11. Nxe6 fxe6 12.
Rxe6 Bd6 13. Bd2 g5 14. h3 g4 15. hxg4 Qxg4 16. Ng5 Qf5 17. g4 Qd5 18. Qf3 Qxf3
19. Nxf3 Rdg8 20. Re4 h5 21. g5 Rf8 22. Nh4 Rhg8 23. f4 Ne7 24. Kg2 Nd5 25. Rf1
c5 26. Rf3 Nf6 27. Re6 Kd7 28. f5 Ng4 29. Rg6 Ne5 30. Rxg8 Rxg8 31. Rh3 Be7 32.
g6 Bxh4 33. Rxh4 Nxg6 34. fxg6 Rxg6+ 35. Kf3 Rg1 36. Rxh5 Kc6 37. b3 Rg7 38.
Bf4 Re7 39. Rh6+ Kd7 40. Rd6+ Kc8 41. Rd5 b6 42. Re5 Rg7 43. Ke4 Rg2 44. Kd3
Rf2 45. Bg5 Rf3+ 46. Kc4 Rc3+ 47. Kd5 Kb7 48. Re7+ Ka6 49. Re2 Rh3 50. Rg2 Rh5
51. Kc6 Rh7 52. Bf4 Rf7 53. Be5 Re7 54. Bd6 Re8 55. Rd2 Rc8+ 56. Bc7 Rg8 57. a3
Rg1 58. Bd6 Rc1 59. Bb8 Rg1 60. b4 Rg3 61. Bd6 cxb4 62. Rxd4 Rg6 63. axb4 Rg2
64. c3 b5 65. Rd1 Ra2 66. Bc5 1-0

[Event "3. Laufenburger Open Gruppe A"]
[Site "?"]
[Date "2015.10.10"]
[Round "3.6"]
[White "Döserich, Jürgen"]
[Black "Fischer, Thomas"]
[Result "1-0"]
[WhiteElo "2030"]
[BlackElo "1970"]
[PlyCount "161"]
[TimeControl "240"]

{518MB, Rybka3Gen.ctg} 1. d4 {[%emt 0:00:00]} f5 2. g3 Nf6 3. Bg2 g6 4. c3 Bg7
5. Qb3 c6 6. Nd2 d5 7. Nh3 Qb6 8. Nf4 O-O 9. Nf3 Ne4 10. Nd3 Be6 11. Bf4 Nd7
12. Nde5 Ndf6 13. h4 Rae8 14. Ng5 Bc8 15. f3 Nd6 16. O-O-O Qa6 17. e4 Nc4 18.
Kb1 Nh5 19. exd5 cxd5 20. Rhe1 Nxf4 21. gxf4 Bxe5 22. dxe5 e6 23. Bf1 b5 24.
Qb4 Bd7 25. b3 h6 26. Nh3 Rb8 27. Ka1 Na5 28. Bd3 Qb6 29. Rg1 Kf7 30. Rg3 Nb7
31. h5 Qc5 32. Rxg6 Rh8 33. Rdg1 Rbg8 34. Bc2 Be8 35. Kb2 Qxb4 36. cxb4 Nd8 37.
Rf6+ Ke7 38. Rxg8 Rxg8 39. Rxh6 Rg2 40. Rh7+ Kf8 41. Kc3 Rh2 42. Ng5 Rxh5 43.
Rxa7 Rh4 44. Nh7+ Kg8 45. Nf6+ Kf8 46. Bd3 d4+ 47. Kd2 Rh2+ 48. Be2 Bc6 49. Kd3
Bd5 50. Rc7 Rf2 51. Rh7 Nc6 52. Nxd5 exd5 53. a3 Ne7 54. Rh6 Kg7 55. Rf6 Rh2
56. a4 Rh4 57. Kxd4 Rxf4+ 58. Kc5 Ng6 59. Kxd5 bxa4 60. bxa4 Rxb4 61. Bb5 Rb3
62. Ke6 Rxf3 63. Rf7+ Kg8 64. Rc7 Nf8+ 65. Kf6 Nh7+ 66. Ke7 f4 67. Bc4+ Kg7 68.
Ke6+ Kg6 69. Bd5 Ng5+ 70. Ke7 Re3 71. Kd6 Ne4+ 72. Bxe4+ Rxe4 73. e6 Rxa4 74.
Rf7 Ra6+ 75. Kd5 Ra4 76. Rf8 Kg7 77. e7 Ra5+ 78. Ke4 Ra4+ 79. Kf3 Ra3+ 80. Kg4
Rg3+ 81. Kh4 1-0

[Event "3. Laufenburger Open Gruppe A"]
[Site "?"]
[Date "2015.10.11"]
[Round "4.5"]
[White "Urwyler, Nikash"]
[Black "Bruttel, Philipp"]
[Result "1-0"]
[WhiteElo "1905"]
[BlackElo "1853"]
[PlyCount "91"]
[TimeControl "240"]

{518MB, Rybka3Gen.ctg} 1. e4 {[%emt 0:00:00]} e5 2. Nf3 Nc6 3. Bb5 a6 4. Ba4
Nf6 5. d3 d6 6. c3 b5 7. Bc2 Be7 8. O-O O-O 9. a4 Bg4 10. h3 Bh5 11. Re1 Qd7
12. Nbd2 b4 13. Nf1 Rab8 14. Ng3 Bxf3 15. Qxf3 b3 16. Bd1 Qe6 17. Nf5 Nd7 18.
Qg3 Qg6 19. Bg4 Nf6 20. Nh4 Nxe4 21. Nxg6 Nxg3 22. Nxf8 f5 23. Bf3 e4 24. dxe4
fxe4 25. fxg3 exf3 26. Ne6 Ne5 27. Nxc7 f2+ 28. Kxf2 Nd3+ 29. Kf1 Nxe1 30. Kxe1
Bf6 31. Nd5 Re8+ 32. Kf2 Kf7 33. Nxf6 Kxf6 34. Ra3 Rb8 35. a5 Rb5 36. Be3 Kf5
37. Ra4 Rd5 38. Ke2 Re5 39. Kd3 g5 40. g4+ Kg6 41. Kd2 Rd5+ 42. Bd4 Kf7 43. Ra3
Ke6 44. Rxb3 Rxa5 45. Ra3 Rb5 46. b4 1-0

[Event "3. Laufenburger Open Gruppe A"]
[Site "?"]
[Date "2015.10.11"]
[Round "4.6"]
[White "Fischer, Thomas"]
[Black "Eichler, Robert"]
[Result "1-0"]
[WhiteElo "1970"]
[BlackElo "2047"]
[PlyCount "69"]

{518MB, Rybka3Gen.ctg} 1. f4 c5 2. g3 Nc6 3. Bg2 d6 4. d3 g6 5. e4 Bg7 6. c3 e6
7. Nf3 Nge7 8. O-O O-O 9. Be3 Rb8 10. a4 b6 11. Qe2 Ba6 12. Na3 Qd7 13. Bf2 d5
14. e5 Rfc8 15. g4 Nd8 16. Bh4 c4 17. d4 b5 18. axb5 Bxb5 19. Bh3 Bc6 20. Rae1
Rc7 21. Qg2 Kh8 22. Bf6 Bxf6 23. exf6 Ng8 24. Ne5 Qd6 25. g5 Qf8 26. Bg4 h5 27.
Bd1 Be8 28. Re3 Nc6 29. Rh3 Nxe5 30. fxe5 Rcb7 31. Rf2 Kh7 32. Bxh5 gxh5 33.
Rxh5+ Kg6 34. Rh8 Qxa3 35. Rxg8+ 1-0

[Event "3. Laufenburger Open Gruppe A"]
[Site "?"]
[Date "2015.10.11"]
[Round "4.2"]
[White "Spirin, Oleg"]
[Black "Weidt, Frank"]
[Result "1-0"]
[WhiteElo "2464"]
[BlackElo "1927"]
[PlyCount "75"]

{518MB, Rybka3Gen.ctg} 1. Nf3 Nf6 2. c4 e6 3. g3 d5 4. Bg2 Bd6 5. O-O O-O 6. d4
c6 7. Qc2 Nbd7 8. Bg5 h6 9. Bxf6 Qxf6 10. Nc3 dxc4 11. Rad1 Bb4 12. Ne4 Qf5 13.
e3 a5 14. Nh4 Qh7 15. f4 Nb6 16. Qe2 Nd5 17. Nf2 b5 18. e4 Ne7 19. Nf3 a4 20.
a3 Bd6 21. Ne5 Rd8 22. Neg4 Bb7 23. e5 Bc7 24. Ne4 Nd5 25. Nc5 Bc8 26. Be4 Qh8
27. f5 exf5 28. Bxf5 h5 29. Bxc8 Raxc8 30. e6 hxg4 31. exf7+ Kh7 32. Qxg4 Rd6
33. Ne6 Rxe6 34. Qxe6 Nf6 35. Qf5+ g6 36. Qxf6 Qxf6 37. Rxf6 Kg7 38. Rxc6 1-0

[Event "3. Laufenburger Open Gruppe A"]
[Site "?"]
[Date "2015.10.11"]
[Round "4.1"]
[White "Haag, Gregor"]
[Black "Coenen, Michael"]
[Result "1-0"]
[WhiteElo "2226"]
[BlackElo "2435"]
[PlyCount "62"]

{518MB, Rybka3Gen.ctg} 1. d4 e6 2. c4 Nf6 3. Nf3 d5 4. e3 Be7 5. Nc3 O-O 6. Bd3
dxc4 7. Bxc4 b6 8. O-O Bb7 9. Qe2 Ne4 10. Nxe4 Bxe4 11. b3 a5 12. Bb2 a4 13.
Nd2 Bb7 14. bxa4 Rxa4 15. Rfd1 Nc6 16. Nf3 Qa8 17. e4 Bf6 18. Bb3 Ra7 19. d5
Ba6 20. Qd2 Bxb2 21. Qxb2 exd5 22. Bxd5 Qe8 23. Rac1 Ne7 24. Bb3 Ng6 25. Qd2
Qxe4 26. Ng5 Qe7 27. Re1 Qf6 28. Nxf7 Rxf7 29. Re6 Qh4 30. g3 Qg4 31. Re8+ Nf8
1-0

[Event "3. Laufenburger Open Gruppe A"]
[Site "?"]
[Date "2015.10.11"]
[Round "4.3"]
[White "Baumann, Gerhard"]
[Black "Engesser, Jonas"]
[Result "1-0"]
[WhiteElo "1804"]
[BlackElo "2066"]
[PlyCount "71"]

{518MB, Rybka3Gen.ctg} 1. d4 Nf6 2. c4 c5 3. e3 e6 4. Nc3 d5 5. Nf3 a6 6. Ne5
dxc4 7. Bxc4 b5 8. Bb3 Bb7 9. O-O Be7 10. dxc5 Qc7 11. Ng4 Nbd7 12. Nxf6+ Nxf6
13. Bc2 Bxc5 14. Bd2 O-O 15. Rc1 Rfd8 16. Qe2 Qe5 17. Kh1 Rd7 18. f4 Qd6 19.
Rcd1 Qb6 20. a3 Rc8 21. e4 Rcd8 22. e5 Ng4 23. Qxg4 Rxd2 24. Be4 Be3 25. Qf3
Bxe4 26. Nxe4 Rxd1 27. Rxd1 Rxd1+ 28. Qxd1 Bxf4 29. Qd6 Be3 30. Qe7 Qb8 31. Nd6
Qf8 32. Qb7 Bd4 33. Qxa6 Bxe5 34. Nxb5 Bxb2 35. a4 Qc8 36. Qxc8# 1-0

[Event "3. Laufenburger Open Gruppe A"]
[Site "?"]
[Date "2015.10.11"]
[Round "4.4"]
[White "Kais, Edgar"]
[Black "Döserich, Jürgen"]
[Result "0-1"]
[WhiteElo "2047"]
[BlackElo "2030"]
[PlyCount "114"]

{518MB, Rybka3Gen.ctg} 1. e4 c5 2. d3 Nc6 3. f4 g6 4. Nf3 Bg7 5. Be2 d6 6. O-O
e6 7. c3 Nge7 8. Na3 O-O 9. Be3 a6 10. Kh1 b5 11. d4 cxd4 12. cxd4 Bb7 13. Qd2
Na5 14. b4 Nc4 15. Nxc4 bxc4 16. Qc2 Rc8 17. Nd2 f5 18. Bf3 fxe4 19. Bxe4 Nd5
20. Bxd5 Bxd5 21. Qc3 Rf7 22. a4 Rb7 23. Rfc1 Qh4 24. Rf1 Rcb8 25. Rab1 Qg4 26.
Rf2 Bf6 27. Nf3 Qf5 28. Rbb2 Qd3 29. Qxd3 cxd3 30. Bd2 Rc8 31. h3 Rc4 32. Rb3
a5 33. Rxd3 axb4 34. a5 Ra7 35. Rb3 Rxa5 36. Rxb4 Ra1+ 37. Kh2 Rc2 38. Kg3 Raa2
39. Be3 Rxf2 40. Bxf2 Ra3 41. Rb6 Be7 42. Be1 Rd3 43. Rb8+ Kf7 44. Bf2 h5 45.
h4 Bf6 46. Rb4 e5 47. dxe5 dxe5 48. Kh2 Bxf3 49. gxf3 Rxf3 50. fxe5 Bxe5+ 51.
Kg2 Rd3 52. Re4 Kf6 53. Re3 Rd2 54. Rf3+ Ke6 55. Re3 Kf5 56. Kf3 Rxf2+ 57. Kxf2
Bd4 0-1

[Event "3. Laufenburger Open Gruppe A"]
[Site "?"]
[Date "2015.10.11"]
[Round "5.1"]
[White "Spirin, Oleg"]
[Black "Haag, Gregor"]
[Result "1/2-1/2"]
[WhiteElo "2464"]
[BlackElo "2226"]
[PlyCount "72"]

{518MB, Rybka3Gen.ctg} 1. Nf3 d5 2. g3 c5 3. Bg2 Nf6 4. d4 e6 5. O-O Nc6 6. c4
dxc4 7. dxc5 Qxd1 8. Rxd1 Bxc5 9. Nbd2 c3 10. bxc3 O-O 11. Ne1 Rd8 12. Nd3 Be7
13. Nb3 Nd5 14. Bb2 Nb6 15. Bxc6 bxc6 16. Na5 Bd7 17. Ne5 Bf6 18. Nxd7 Rxd7 19.
Rxd7 Nxd7 20. Nxc6 Nb6 21. Rc1 Rc8 22. Nxa7 Ra8 23. Nb5 Rxa2 24. Ba3 Nc4 25.
Bb4 Rxe2 26. Nd6 Nb2 27. Ra1 h6 28. Kf1 Rc2 29. Ra2 Be7 30. Ra8+ Kh7 31. Nxf7
Bxb4 32. cxb4 Nd3 33. f4 Rxh2 34. b5 Rf2+ 35. Kg1 Rb2 36. Rb8 Kg6 1/2-1/2